MARC details
| 000 -LEADER |
| campo de control de longitud fija |
03453cam a2200373Li 4500 |
| 001 - NÚMERO DE CONTROL |
| campo de control |
102731 |
| 005 - FECHA Y HORA DE LA ÚLTIMA TRANSACCIÓN |
| campo de control |
20230410123446.0 |
| 008 - DATOS DE LONGITUD FIJA--INFORMACIÓN GENERAL |
| campo de control de longitud fija |
060912s2005 nju f 001 0 eng d |
| 040 ## - FUENTE DE CATALOGACIÓN |
| Centro catalogador/agencia de origen |
ZWZ |
| Normas de descripción |
ncafnor |
| Lengua de catalogación |
fre |
| Centro/agencia transcriptor |
ZWZ |
| 020 ## - NÚMERO INTERNACIONAL ESTÁNDAR DEL LIBRO |
| Número Internacional Estándar del Libro |
0805849254 (cloth : alk. paper) |
| 020 ## - NÚMERO INTERNACIONAL ESTÁNDAR DEL LIBRO |
| Número Internacional Estándar del Libro |
9780805849257 (cloth : alk. paper) |
| 043 ## - CÓDIGO DE ÁREA GEOGRÁFICA |
| Código de área geográfica |
n-us--- |
| 050 14 - SIGNATURA TOPOGRÁFICA DE LA BIBLIOTECA DEL CONGRESO |
| Número de clasificación |
KF 4770 |
| Número de ítem |
D313 2005 |
| 082 0# - NÚMERO DE LA CLASIFICACIÓN DECIMAL DEWEY |
| Número de clasificación |
342.730853 |
| 245 00 - MENCIÓN DEL TÍTULO |
| Título |
Defending the First : commentary on the First Amendment issues and cases / |
| Mención de responsabilidad, etc. |
edited by Joseph Russomanno,. |
| 260 ## - PUBLICACIÓN, DISTRIBUCIÓN, ETC. |
| Lugar de publicación, distribución, etc. |
Mahwah, N.J. : |
| Nombre del editor, distribuidor, etc. |
L. Erlbaum, |
| Fecha de publicación, distribución, etc. |
2005. |
| 300 ## - DESCRIPCIÓN FÍSICA |
| Extensión |
1 vol. (XVI-212 p.) ; |
| Dimensiones |
24 cm. |
| 504 ## - NOTA DE BIBLIOGRAFÍA, ETC. |
| Nota de bibliografía, etc. |
Notas Bibliográficas. Índice. |
| 520 ## - RESUMEN, ETC. |
| Sumario, etc. |
This book provides a collection of new perspectives on the First Amendment in legal and communication contexts. Editor Joseph Russomanno brings together a roster of major figures who have participated in the shaping of First Amendment law over the past 30 years. Readers are taken into a realm of personal experience and analysis through the stories of these attorneys at the forefront of the battle to defend the "First." The contributors to this volume--all of whom have argued cases before the Supreme Court--tell about their experiences appearing before the highest court in the United States. Some write many years after being there, while others offer insights from a more recent vantage point. One Supreme Court Attorney offers a historical analysis of a case replete with a variety of First Amendment issues. This work contributes to a deeper understanding of First Amendment issues and the types of expression that the First Amendment protects, and why these rights must be protected. In addition, it provides readers with the unique perspective of those who have been on the front lines of some of the most important and influential cases in this era. The challenges of presenting an argument in this venue become clear, and it is evident that understanding one's own case, its lineage, and its likely impact all become part of the formula for success. |
| 505 0# - NOTA DE CONTENIDO CON FORMATO |
| Nota de contenido con formato |
1. Creating a new first amendment right: Miami Herald Publishing Co. v. Tornillo and the story of access to the media / Jerome A. Barron -- 2. Whose first amendment? Cohen v. Cowles Media Co. / Elliot C. Rothenberg -- 3. Freedom of speech: a casualty of war / Dan Johnson -- 4. The "miracle" of Burstyn v. Wilson / Marjorie Heins -- 5. Suppressing hateful ideas by force of law: reflections on R.A.V. v. St. Paul and Virginia v. Black / Edward J. Cleary -- 6. Anatomy of an oral argument / Rodney A. Smolla -- 7. A first amendment life / Bruce S. Rogow -- 8. The first amendment in the age of the internet: the U.S. supreme court takes on the challenge of a new communication medium / Paul M. Smith -- 9. The past, present, and future of internet censorship and free speech advocacy / John B. Morris, Jr. |
| 600 10 - PUNTO DE ACCESO ADICIONAL DE MATERIA--NOMBRE DE PERSONA |
| Nombre de persona |
United States. |
| Título de la obra |
Constitution. |
| Fuente del encabezamiento o término |
lc |
| 650 #4 - PUNTO DE ACCESO ADICIONAL DE MATERIA--TÉRMINO DE MATERIA |
| Término de materia o nombre geográfico como elemento de entrada |
Primera Jornada de Catalogacion. |
| 650 #4 - PUNTO DE ACCESO ADICIONAL DE MATERIA--TÉRMINO DE MATERIA |
| Término de materia o nombre geográfico como elemento de entrada |
Libertad de palabra |
| Subdivisión geográfica |
Estados Unidos. |
| 650 #4 - PUNTO DE ACCESO ADICIONAL DE MATERIA--TÉRMINO DE MATERIA |
| Término de materia o nombre geográfico como elemento de entrada |
Libertad de prensa |
| Subdivisión geográfica |
Estados Unidos. |
| 650 #0 - PUNTO DE ACCESO ADICIONAL DE MATERIA--TÉRMINO DE MATERIA |
| Término de materia o nombre geográfico como elemento de entrada |
Freedom of speech |
| Subdivisión geográfica |
United States. |
| 650 #0 - PUNTO DE ACCESO ADICIONAL DE MATERIA--TÉRMINO DE MATERIA |
| Término de materia o nombre geográfico como elemento de entrada |
Freedom of the press |
| Subdivisión geográfica |
United States. |
| 650 #7 - PUNTO DE ACCESO ADICIONAL DE MATERIA--TÉRMINO DE MATERIA |
| Término de materia o nombre geográfico como elemento de entrada |
Liberte d'expression |
| Subdivisión geográfica |
Etats-Unis. |
| 650 #7 - PUNTO DE ACCESO ADICIONAL DE MATERIA--TÉRMINO DE MATERIA |
| Término de materia o nombre geográfico como elemento de entrada |
Liberte de la presse |
| Subdivisión geográfica |
Etats-Unis. |
| 651 #7 - PUNTO DE ACCESO ADICIONAL DE MATERIA--NOMBRE GEOGRÁFICO |
| Nombre geográfico |
Etats-Unis |
| Subdivisión general |
Constitution |
| -- |
Amendements (01er) |
| 700 1# - ENTRADA AGREGADA--NOMBRE PERSONAL |
| Nombre de persona |
Russomanno, Joseph. |
| Término indicativo de función/relación |
âEditeur scientifique. |
| 942 ## - ELEMENTOS DE ENTRADA SECUNDARIOS (KOHA) |
| Fuente del sistema de clasificación o colocación |
Clasificación de Library of Congress |
| Tipo de ítem Koha |
|
| 994 ## - |
| -- |
C0 |
| -- |
DRFGD |
| 946 ## - PROCESAMIENTO DE INFORMACIÓN LOCAL (OCLC) |
| a |
nc |